000 00436nam a2200181Ia 4500
001 22426
005 20260414150830.0
008 260414t2006||||xx |||||||||||||| ||spa||
041 _aESP
082 _a621.381
_bS35 2006
100 _aSedra, Adel S.
_eAUT
245 0 _aCircuitos microelectrónicos
_b
260 _c2006
300 _avarias paginaciones :
_c27 cm.
650 _aTCA
654 _aCET
942 _cLIB
_dJUS
_fJUS
_2ddc
_n
999 _c22426
_d22426